header

From rebellion to revolution (Record no. 90904)

MARC details
000 -LEADER
fixed length control field 01449nam a2200361Ia 4500
100 1# - MAIN ENTRY--AUTHOR NAME
Personal name Genovese, Eugene D.,
245 10 - TITLE STATEMENT
Title From rebellion to revolution
250 ## - EDITION STATEMENT
Edition statement Louisiana pbk. ed.
260 ## - PUBLICATION, DISTRIBUTION, ETC. (IMPRINT)
Place of publication Baton Rouge :
Name of publisher Louisiana State University Press,
Year of publication 1992, c1979.
300 ## - PHYSICAL DESCRIPTION
Number of Pages xxvi, 173 p.
490 0# - SERIES STATEMENT
Series statement The Walter Lynwood Fleming lectures in southern history, Louisiana State University
650 #0 - SUBJECT ADDED ENTRY--TOPICAL TERM
Topical Term Maroons.
Topical Term Slavery
Topical Term Slave insurrections
856 40 - ELECTRONIC LOCATION AND ACCESS
Uniform Resource Identifier http://site.ebrary.com/lib/rucke/Doc?id=10554021

No items available.

© 2026 Rongo University
Contact us: librarian | system librarian | Rongo university